|
|
|
|
| LEADER |
00000nam a2200000 a 4500 |
| 001 |
vtls011785227 |
| 003 |
SK-MaSNL |
| 005 |
20260301050131.0 |
| 008 |
251112 1602 gw 000 0 lat |
| 015 |
|
|
|a SNBHFA1602
|
| 040 |
|
|
|a SNKHF
|b slo
|c SNK
|e AACR2
|
| 041 |
0 |
|
|a lat
|a ger
|
| 044 |
|
|
|a gw
|c DE
|
| 072 |
|
7 |
|a 2-1
|x Prirodzená teológia. Náboženská filozofia
|2 konspekt
|
| 080 |
|
|
|a 2-1
|2 2011
|
| 100 |
1 |
|
|a Bugenhagen, Johannes,
|c starší,
|d 1485-1558
|4 aut
|9 126906
|
| 245 |
1 |
1 |
|a [Passio Domini Nostri Iesv Christi,
|b E Qvatvor Evangelistis
|c Per Rever. et Clariss: Virvm, Dr. Johannem Bvrgenhagivm, S. Theologia Doctorem, concinnata & nunc latino germanico edita, & Concionibus Explicata a Salomone Gesnero, S.S. Theologiae Doctore, & in Acad. Witebergensi Professore publico]
|
| 260 |
|
|
|a Witebergae
|b Impensis Clementis Bergeri
|c Anno 1602
|f Typis Wolffangi Meisneri
|
| 300 |
|
|
|a [5], 639, [2] s.
|c 13cm
|
| 510 |
4 |
|
|a VD17
|c 3:610814D
|
| 561 |
|
|
|a Z knižnice Učenej spoločnosti malohontskej
|5 SNK IE 10241
|
| 562 |
|
|
|a Defektný exemplár, chýba titulný list, popis podľa VD17
|5 SNK IE 10241
|
| 650 |
0 |
7 |
|a teológia
|2 SNKPH
|9 1814
|
| 650 |
0 |
7 |
|a náboženská filozofia
|2 SNKPH
|9 3774
|
| 700 |
1 |
|
|a Gesner, Salomon,
|d 1559-1605
|4 aut
|9 172634
|
| 700 |
1 |
|
|a Berger, Clemens,
|d 1563-1629
|4 pbl
|4 bsl
|9 175980
|
| 700 |
1 |
|
|a Meissner, Wolfgang,
|d zomrel 1617
|4 prt
|9 129187
|
| 710 |
2 |
|
|a Učená spoločnosť malohontská
|4 fmo
|9 205374
|
| 752 |
|
|
|a Nemecko
|d Wittenberg
|
| 852 |
|
|
|a snk
|b Historické fondy
|p IE 10241
|
| 958 |
|
|
|a ONDV
|
| 958 |
|
|
|a DC
|
| 999 |
|
|
|c 600216
|d 602146
|
| 952 |
|
|
|t MHC II.B.g.393
|a SNK
|b SNK
|c SNK_HF
|y PREZ
|7 0
|p 17A1301702
|o snkIE 10241
|i snk2018/20950
|8 5
|0 0
|1 0
|4 0
|d 2018-10-15
|l 0
|r 2026-02-23 15:52:01
|w 2026-02-23
|